000 00501nam a2200193 a 4500
001 1770381888854
003 YourLibrary
005 20260206181647.0
008 260206s2000##################000#0#eng##
020 _a9780863775710
082 0 4 _a302.4
_bGAE
100 1 _aGaertner, Samuel L.,
_eauthor.
245 1 0 _aReducing Intergroup Bias :
260 _bPsychology Press,
_c2000.
300 _a232 pages
650 0 _aMathematics.
942 _cENGLISH
040 _aYourLibrary
_beng
_cYourLibrary
999 _c610751
_d610751